000 00454nam a2200169Ia 4500
008 110201s9999 xx 000 0 und d
082 _bB648
_aK 468
100 _aवाड विजया
245 _aअशरण
260 _bहेमचंद्र प्रकाशन
365 _b18
600 _aवाड विजया
630 _aअशरण
700 _aवाड विजया
730 _aअशरण
942 _cBOOK
999 _c828080
_d828077